|
|
|
|
| LEADER |
00000naa0a2200000 4500 |
| 001 |
647720 |
| 005 |
20250620093640.0 |
| 035 |
|
|
|a (RuTPU)RU\TPU\network\12871
|
| 090 |
|
|
|a 647720
|
| 100 |
|
|
|a 20160421d2015 k y0rusy50 ba
|
| 101 |
0 |
|
|a eng
|
| 102 |
|
|
|a TR
|
| 135 |
|
|
|a drnn ---uucaa
|
| 181 |
|
0 |
|a i
|
| 182 |
|
0 |
|a b
|
| 200 |
1 |
|
|a MOOCs as a Tool to Enhance ESP Teaching to Technical Students: Case Study at Tomsk Polytechnic University
|f O. S. Kvashnina, Yu. P. Azhel, E. A. Martynko
|
| 203 |
|
|
|a Text
|c electronic
|
| 300 |
|
|
|a Title screen
|
| 330 |
|
|
|a An attempt of Russian Universities to integrate into the international educational market and move towardsthe leading positions in the world ranking has resulted in the necessity for the improved and intensifiedlanguage teaching of both students and university teaching staff. The paper explores the possibility ofintegrating massive open online courses (MOOCs) into the syllabus of the ESP Course, for a group ofstudents within the process of the ESP teaching at Tomsk Polytechnic University (TPU). The opportunitiesand challenges of this experiment have been analyzed and the conclusions whether MOOCs are effectiveautonomous resources have been formulated.
|
| 463 |
|
1 |
|t 3rd Global Conference on Linguistics and Foreign Language Teaching, LINELT- 2015
|o Abstract Book, Istanbul University, Istanbul – Turkey, 16-18 November 2015
|v [P. 36]
|d 2015
|
| 610 |
1 |
|
|a электронный ресурс
|
| 610 |
1 |
|
|a труды учёных ТПУ
|
| 610 |
1 |
|
|a обучение
|
| 700 |
|
1 |
|a Kvashnina
|b O. S.
|c linguist
|c Senior Lecturer of Tomsk Polytechnic University
|f 1980-
|g Olga Sergeevna
|3 (RuTPU)RU\TPU\pers\31702
|9 15833
|
| 701 |
|
1 |
|a Azhel
|b Yu. P.
|c linguist
|c Senior Lecturer of Tomsk Polytechnic University
|f 1981-
|g Yuliya Petrovna
|3 (RuTPU)RU\TPU\pers\33173
|9 16974
|
| 701 |
|
1 |
|a Martynko
|b E. A.
|g Ekaterina Andreevna
|
| 712 |
0 |
2 |
|a Национальный исследовательский Томский политехнический университет (ТПУ)
|b Институт природных ресурсов (ИПР)
|b Кафедра иностранных языков (ИЯПР)
|3 (RuTPU)RU\TPU\col\18662
|
| 801 |
|
2 |
|a RU
|b 63413507
|c 20160421
|g RCR
|
| 850 |
|
|
|a 63413507
|
| 856 |
4 |
|
|u http://www.awer-center.org/abstracts/LINELT-2015%20ABSTRACTS%20BOOK.pdf#page=36
|
| 942 |
|
|
|c CF
|